000 00590nam a2200193Ia 4500
003 GCL
008 140319s9999 xx 000 0 ara d
040 _aGCL /
_cGCL
082 0 4 _a658
_bح و
100 1 _aحمدى مصطفى المعاز
245 1 0 _aوظائف الادارة /
_cحمدى مصطفى المعاز
260 _aالقاهرة :
_bدار النهضة العربية ،
_c0
300 _a495 ص ؛
_c24 سم
650 0 4 _aالادارة
650 0 4 _aالمشروعات
650 0 4 _aعلم الادارة
650 0 4 _aشركات الاموال
942 _2ddc
_cBK
999 _c37125
_d37125